000
00253nam a2200097Ia 4500
001
679775
005
20250826161329.0
008
250824s9999 xx 000 0 und d
245
0
_a
PİRANALARLA YÜZEN ÇOCUK
_c
DAVID ALMOND
260
_b
GÜNIŞIĞI YAYINLARI
999
_c
679775
_d
679775